000 00590nam a2200193Ia 4500
001 6520
008 260427s9999 xx 000 0 und d
020 _a9780873362535
245 0 _aI mea aha ke kai? = What's the Kai for?/
_cLilinoe Andrews, Brook Parker
260 _aHonolulu;
_bKamehameha Schools Press;
_c2011
300 _a82p;
_c24x21cm
546 _aHawaiian; English
650 _aFolk literature
_99345
650 _aIndigenous societies
_99260
650 _aPN1-6790 Literature (General)
_921
651 _aHawaii
_92928
655 _aIllustrated volume
_99346
942 _cBK
999 _c6520
_d6520